Score 0/61 Timer 10:00
0 Plays Today
Obstacle % Correct
Rolling Maruta/'Rolling Log'
89.5%
Soritatsu Kabe/'Warped Wall'
89.2%
Jump Hang
88.5%
Jumping Spider
83.3%
Rope Climb
81.8%
Sosoritatsu Kabe/'Hill Climb'
81.3%
Yamagoe/'Hill Climb'
80.5%
Taki Nobori/Maruta Nobori/'Barrel Climb'
79.2%
Log Grip
79.2%
Half-Pipe Attack
79.2%
Yureru Hashi/'Balance Bridge'
77.7%
Godantobi/'Quintuple Step'
77.2%
Balance Bridge
75.9%
Flying Chute
74.1%
Taki Kudari/Maruta Kudari/'Rapid Descent'
73.6%
Great Wall
71.8%
Tarzan Rope
71%
Rokudantobi/'Sextuple Step'
71%
Pole Maze
71%
Slider Jump
70%
Circle Slider
69.7%
Bungee Bridge
69.2%
Spin Bridge
68.6%
Step Slider
67.9%
Giant Swing
67.3%
Burasagari Maruta/'Spinning Log'
67.2%
Rolling Hill
67.2%
X-Bridge/'Bridge of Blades'
66.9%
Tackle
66.4%
Lumberjack Climb
65.7%
Free Climbing/'Mountain Climb'
65.4%
Obstacle % Correct
Rope Glider
65.4%
Jump Hang Kai
65.2%
Rope Ladder
64.9%
Rolling Escargot
64.7%
Cross Bridge/'Bridge of Blades'
64.6%
Quad Steps
64.2%
Neshireta Kabe/'Crooked Wall'
63.8%
Double Pendulum
63.5%
Odama/'Big Boulder'
63.3%
Ni Ren Soritatsu Kabe
63.2%
Hedgehog
61.8%
Jyunidantobi/'Twelve Timbers'
61.8%
Long Jump
61.1%
Prism See-Saw/'Prism Tilt'
60.5%
Daasu Bridge/'Dance Bridge'
60.3%
Dome Steps
59.9%
Ensuitobi/'Cone Jump'
59.7%
Butterfly Wall
59.5%
TIE Fighter
59.1%
Reverse Fly
58.7%
Hazard Swing
58.7%
Circle Hammer
57.2%
Hurdle Jump
56.7%
Rope Reverse
56.4%
Curtain Slider
55.9%
Bridge Jump
55.8%
Ipponbashi/'Plank Bridge'
53.6%
Maruta Zaka/'Log Slope'
53.6%
Tarzan Jump
52.3%
Orugoru
50.4%
Remove Ads.
Support Sporcle.
Get the best of Sporcle when you Go Orange. This ad-free experience offers more features, more stats, and more fun while also helping to support Sporcle. Thank you for becoming a member.

You're not logged in!

Compare scores with friends on all Sporcle quizzes.
OR
Log In

Show Comments

Extras

Created Nov 28, 2010ReportNominate
Tags:sasuke

Top Quizzes Today


Score Distribution

Your Account Isn't Verified!

In order to create a playlist on Sporcle, you need to verify the email address you used during registration. Go to your Sporcle Settings to finish the process.

Report this User

Report this user for behavior that violates our Community Guidelines.

Details: